000 00489nam a22001817a 4500
005 20251108173404.0
008 250721s2001 xx 000 0 eng d
020 _a076741747x
082 1 4 _a796.01/WIL
100 1 _aWilliams, Jean M
245 1 0 _aApplied Sport Psychology Personal Growth to Peak Preformance /
264 1 _acalifornia :
_bMayfield Publishing Company,
_c2001.
300 _a548 p.
650 1 7 _aSPORT
650 1 7 _aCOACHING
942 _2ddc
_cBK
999 _c102745
_d102745